| 000 | 00526cam a2200205 a 4500 | ||
|---|---|---|---|
| 001 | 2105257 | ||
| 005 | 20250120031709.0 | ||
| 008 | 960416s1996 ne a b 001 0 eng | ||
| 020 | _a9004106421 | ||
| 040 |
_aDLC _cDLC _dDLC |
||
| 082 | 0 | 0 |
_a305.4 _27058 _bAMI |
| 100 | 1 | _aAmin, S. N | |
| 245 | 1 | 4 |
_aThe World of Muslim Women in Colonial Bengal, _c1876-1939 |
| 260 |
_aLeiden _aNew York _bE.J. Brill _c1996. |
||
| 300 | _axxii, 313 p., | ||
| 650 | 0 | _aWomen | |
| 650 | 0 | _aMuslim women | |
| 650 | 0 | _aColonialism | |
| 942 | _cL | ||
| 999 |
_c5953 _d5953 |
||